[Event "FRA-ch Blitz Online Qual"]
[Site "Europe Echecs INT"]
[Date "2020.05.16"]
[Round "5"]
[White "Gatineau, Milann"]
[Black "Rigaud Retourne, Mael"]
[Result "1-0"]
[WhiteElo "1390"]
[BlackElo "1103"]
[PlyCount "49"]
[EventDate "2020.05.16"]
[EventType "swiss (blitz)"]
[EventRounds "15"]
[EventCountry "FRA"]
[SourceTitle "CBM 196 Extra"]
[Source "ChessBase"]
[SourceDate "2020.07.31"]
[SourceVersion "1"]
[SourceVersionDate "2020.07.31"]
[SourceQuality "1"]

1. d4 Nf6 2. Bf4 g6 3. Nf3 Bg7 4. Nc3 d6 5. e3 Bg4 6. Bd3 0-0 7. h3 Bxf3 8. Qxf3 Nc6 9. 0-0 e5 10. dxe5 dxe5 11. Bg3 Re8 12. e4 Nd4 13. Qe3 Qd6 14. Rad1 Nc6 15. Bc4 Qe7 16. Bb5 Qe6 17. Nd5 Rac8 18. Bc4 Na5 19. Bd3 b6 20. b4 Nc6 21. Bb5 Red8 22. Bc4 Qe8 23. Bh4 a5 24. Bxf6 Bxf6 25. Nxf6+ 1-0

[Event "FRA-ch Blitz Online Qual"]
[Site "Europe Echecs INT"]
[Date "2020.05.16"]
[Round "15"]
[White "Schippke, Manon"]
[Black "Gatineau, Milann"]
[Result "1-0"]
[WhiteElo "1873"]
[BlackElo "1390"]
[PlyCount "87"]
[EventDate "2020.05.16"]
[EventType "swiss (blitz)"]
[EventRounds "15"]
[EventCountry "FRA"]
[SourceTitle "CBM 196 Extra"]
[Source "ChessBase"]
[SourceDate "2020.07.31"]
[SourceVersion "1"]
[SourceVersionDate "2020.07.31"]
[SourceQuality "1"]

1. e4 e6 2. d3 d5 3. Qe2 c6 4. b3 Nf6 5. Bb2 Be7 6. Nd2 Nbd7 7. h3 Qc7 8. 0-0-0 e5 9. g4 Nc5 10. g5 Nfd7 11. Ngf3 d4 12. h4 Ne6 13. Bh3 Nf4 14. Qe1 b5 15. h5 Nc5 16. Bxc8 Rxc8 17. g6 hxg6 18. hxg6 Rxh1 19. Qxh1 Nxg6 20. Qh7 Bf6 21. Nf1 Ke7 22. Qh2 Rh8 23. Qg1 Ne6 24. Ng3 c5 25. Nf5+ Kd7 26. Kb1 c4 27. dxc4 bxc4 28. Qf1 c3 29. Bc1 Qc6 30. Ng3 Ngf4 31. Ng1 Bg5 32. N1e2 Nxe2 33. Nxe2 Bxc1 34. Rxc1 Qd6 35. Ka1 Qa3 36. Rb1 Nc5 37. Qg2 g6 38. Qg4+ Ke7 39. Qg5+ Ke6 40. f4 Nxe4 41. Qxe5+ Kd7 42. Qxd4+ Ke7 43. Qxe4+ Kf6 44. Qe5# 1-0